| 000 | 01186nam a22002657a 4500 | ||
|---|---|---|---|
| 001 | 9203 | ||
| 003 | FISKH | ||
| 005 | 20251201140510.0 | ||
| 008 | 251201b cb ||||| |||| 00| 0 eng d | ||
| 040 |
_aFISKH _beng _cFISKH _dFISKH |
||
| 050 | _aPZ8.H45 T | ||
| 082 | _a398.2 | ||
| 100 |
_aHewett, Anita _eAuthor |
||
| 245 |
_aThe tale of the turnip / _cWritten by Anita Hewett ; Drawn by Margery Gill |
||
| 260 |
_aNew York : _bWhittlesey House McGraw Book Company Inc. , _c1966 |
||
| 300 |
_a31 pages : _bcolor illustrations ; _c19 x 26 cm |
||
| 505 | _aG | ||
| 520 | _aA farmer plants a turnip that grows bigger and bigger until it becomes enormous. When he tries to pull it out, he cannot do it alone. He calls for help, and one by one more people and animals join in—each holding on and pulling together. At last, with everyone working as a team, the giant turnip finally comes out of the ground. The story shows how cooperation can achieve what one person cannot do alone. | ||
| 521 | 8 |
_a400
_bLexile estimate |
|
| 521 | 8 |
_aG
_bRaz-Plus |
|
| 650 |
_aTraditional literature _vChildren |
||
| 700 |
_aGill, Margery _eIllustrator |
||
| 942 |
_2ddc _cBK _n0 |
||
| 999 |
_c9203 _d9203 |
||